Quick Pick: The Big I Quiz Stats

Quiz not verified by Sporcle

Challenge
Share
Tweet
Embed
Score 0/15 Timer 01:30
0 Plays Today
% Correct
Illinois
96.8%
Imelda Marcos
93.5%
IMAX
93.5%
Instant coffee
93.5%
Indianapolis
92%
Istanbul
90.3%
Ireland
90.3%
Isotope
90.3%
% Correct
Iceland
87.1%
Ivan the Terrible
87.1%
Ikebana
83.9%
Inuit
83.9%
Iago
80.6%
Ipanema
80.6%
Ithaca
74.2%

You're not logged in!

Compare scores with friends on all Sporcle quizzes.
Join for Free
OR
Log In

You Might Also Like...

Show Comments

Extras

Created Jul 25, 2017ReportNominate
Tags:Quick Pick Quiz

Top Quizzes Today


Score Distribution

Your Account Isn't Verified!

In order to create a playlist on Sporcle, you need to verify the email address you used during registration. Go to your Sporcle Settings to finish the process.

Report this User

Report this user for behavior that violates our Community Guidelines.

Details: